| 000 | 01094nam a22003012i 4500 | ||
|---|---|---|---|
| 001 | 19340 | ||
| 003 | BD-RjUL | ||
| 005 | 20211209000423.0 | ||
| 008 | 140224t1962 enkaf 001 0 eng d | ||
| 035 | _a(BD-RjUL)19399 | ||
| 040 |
_aVZZ _cVZZ _dUKM _dEQO _dBD-RjUL _beng |
||
| 041 | 1 | _aengrus | |
| 082 | 0 | 4 |
_a791.4302330924 _218 _bNIL 1962 |
| 090 |
_aPN1998.A3 _bE53513 |
||
| 100 | 1 |
_aNizhniĭ, V. _q(Vladimir). _959478 |
|
| 245 | 1 | 0 |
_aLessons with Eisenstein / _cVladimir Nizhny ; translated and edited by Ivor Montagu and Jay Leyda |
| 260 |
_aLondon : _bG. Allen & Unwin, _cc1962. |
||
| 300 |
_axvi, 182 p., [2] leaves of plates : _bill., diagrs. ; _c22 cm |
||
| 500 | _aTranslation of Na urokakh rezhissury S. Eĭzenshteĭna | ||
| 500 | _aIncludes index | ||
| 600 | 1 | 0 |
_aEisenstein, Sergei, _d1898-1948. _950873 |
| 650 | 0 |
_aMotion pictures _xProduction and direction _950375 |
|
| 700 | 1 |
_aMontagu, Ivor Goldsmid Samuel, _d1904-1984 _959479 |
|
| 700 | 1 |
_aLeyda, Jay, _d1910-1988 _959480 |
|
| 942 |
_2ddc _cBK |
||
| 999 |
_c19340 _d19340 |
||